Mujeres de fuego (Registro nro. 1803)

Detalles MARC
000 -CABECERA
Longitud fija campo de control 00906nam a2200265 i 4500
005 - • FECHA Y HORA DE LA ÚLTIMA TRANSACCIÓN
Fecha y hora de la última transacción 20220316235700.0
008 - • CÓDIGOS DE INFORMACIÓN DE LONGITUD FIJA
Códigos de información de longitud fija 121119s2002 ck gs 000 0 spa
020 ## - • NÚMERO INTERNACIONAL NORMALIZADO PARA LIBROS
Número Internacional Normalizado para Libros (ISBN) 9584203223
040 ## - FUENTE DE LA CATALOGACIÓN
Centro catalogador de origen CO-BoRNBP
Lengua de catalogación spa
Centro transcriptor CO-BoRNBP
Normas de descripción rda
041 0# - • CÓDIGO DE LENGUA
Código de lengua del texto/banda sonora o título independiente spa
082 04 - • NÚMERO DE LA CLASIFICACIÓN DECIMAL DEWEY
Número de clasificación (R) 305.42
Número del ítem S14m
100 1# - • PUNTO DE ACCESO PRINCIPAL-NOMBRE DE PERSONA
Nombre de persona Salazar J., Alonso,
Fechas asociadas al nombre 1960-
Término indicativo de función autor
245 10 - • TITULO PROPIAMENTE DICHO
Título Mujeres de fuego
Mención de responsabilidad, etc. Alonso Salazar J
250 ## - • MENCIÓN DE EDICIÓN
Mención de edición Primera edición
264 #1 - PRODUCCIÓN, PUBLICACIÓN , DISTRIBUCIÓN, FABRICACIÓN Y COPYRIGHT
Lugar de producción, publicación, distribución, fabricación Bogotá
Nombre del productor, editor, distribuidor, fabricante Planeta Colombiana
Fecha de de producción, publicación, distribución, fabricación o copyright 2002
300 ## - • DESCRIPCIÓN FÍSICA
Extensión 259 páginas
Dimensiones 21 cm
336 ## - TIPO DE CONTENIDO
Término de tipo de contenido texto
Código de tipo de contenido txt
Fuente rdacontent
337 ## - TIPO DE MEDIO
Nombre del tipo de medio sin mediación
Código del tipo de medio n
Fuente rdamedia
338 ## - TIPO DE SOPORTE
Nombre del tipo de soporte volumen
Código del tipo de soporte nc
Fuente rdacarrier
650 14 - • PUNTO DE ACCESO ADICIONAL DE MATERIA - TÉRMINO DE MATERIA
Término de materia o nombre geográfico como elemento inicial Mujeres
Subdivisión de forma Relatos personales
Subdivisión de materia general Condiciones sociales
Subdivisión geográfica Colombia
Fuente del encabezamiento o término LEMB
650 14 - • PUNTO DE ACCESO ADICIONAL DE MATERIA - TÉRMINO DE MATERIA
Término de materia o nombre geográfico como elemento inicial Violencia
Subdivisión de forma Relatos personales
Subdivisión de materia general Causas
Subdivisión geográfica Colombia
Fuente del encabezamiento o término LEMB
650 14 - • PUNTO DE ACCESO ADICIONAL DE MATERIA - TÉRMINO DE MATERIA
Término de materia o nombre geográfico como elemento inicial Delitos
Subdivisión de forma Relatos personales
Subdivisión geográfica Colombia
Fuente del encabezamiento o término LEMB
650 14 - • PUNTO DE ACCESO ADICIONAL DE MATERIA - TÉRMINO DE MATERIA
Término de materia o nombre geográfico como elemento inicial Violencia
Subdivisión de forma Relatos personales
Subdivisión de materia general Causas
Subdivisión geográfica Colombia
Fuente del encabezamiento o término LEMB
942 ## - ENTRADA DE ELEMENTOS AGREGADOS (KOHA)
Fuente de clasificaión o esquema Dewey Decimal Classification
Koha [por defecto] tipo de item LIbro
Existencias
Perdido Fuente de clasificación o esquema Estado Físico No para préstamo Forma de adquisición Localización permanente Localización actual Localización en estanterías Fecha adquisición Préstamos totales Signatura completa Código de barras Fecha última consulta Número de copia Fecha del precio de reemplazo Tipo de item de Koha
  Dewey Decimal Classification     Colección General Biblioteca Pública Dorado Biblioteca Pública Dorado General 12/13/2022   305.42 S14m DOR01153 12/13/2022 Ej.1 12/13/2022 LIbro
  Dewey Decimal Classification     Colección General Biblioteca Pública Puerto Lleras Biblioteca Pública Puerto Lleras General 02/24/2023   305.42 S14m PLL00202 02/24/2023 Ej.1 02/24/2023 LIbro
  Dewey Decimal Classification     Colección General Biblioteca Pública Restrepo Biblioteca Pública Restrepo General 06/27/2025   305.42 S14m RES00263 06/27/2025 Ej.1 06/27/2025 LIbro
  Dewey Decimal Classification     Colección General Biblioteca Pública San Carlos de Guaroa - Eduardo Carranza Biblioteca Pública San Carlos de Guaroa - Eduardo Carranza General 03/11/2025   305.42 S14m SG02658 03/11/2025 Ej.1 03/11/2025 LIbro
  Dewey Decimal Classification     Colección General Biblioteca Pública Acacias - Carlos María Hernández Rojas Biblioteca Pública Acacias - Carlos María Hernández Rojas General 03/26/2025   305.42 S14m ACA02319 03/26/2025 Ej.1 03/26/2025 LIbro
  Dewey Decimal Classification     Colección General Biblioteca Pública Mapiripan Biblioteca Pública Mapiripan General 04/18/2023   305.42 MAP0000223 04/18/2023 Ej.1 04/18/2023 LIbro
  Clasificación Local Facetada     Colección General Biblioteca Pública Puerto Concordia Biblioteca Pública Puerto Concordia   02/03/2026   305.42 S14m PCON00546 02/03/2026 Ej.1 02/03/2026 LIbro
  Dewey Decimal Classification     Colección General Biblioteca Pública Puerto Rico Biblioteca Pública Puerto Rico General 01/27/2023   305.42 S14m PR00000382 01/27/2023 Ej.1 01/27/2023 LIbro
  Dewey Decimal Classification     Colección General Biblioteca Pública San Juan de Arama - Concepción de Arama Biblioteca Pública San Juan de Arama - Concepción de Arama General 06/26/2023   305 42 S14M SJA00370 06/26/2023 Ej.1 06/26/2023 LIbro









Instituto Departamental de Cultura del Meta - Red Departamental de Bibliotecas Públicas del Meta.